000 00709nam a2200241 a 4500
008
020 _a0340762047 (pbk.)
049 _aMAIN
090 0 0 _aP91.3
_bBUR
100 1 _aBurton, Graeme.
245 1 0 _aMore than meets the eye :
_ban introduction to media studies /
_cGraeme Burton.
250 _a3rd ed.
260 _aLondon :
_bArnold ,
_c2002.
300 _axi, 298 p. :
_bill. ;
_c25 cm.
504 _aIncludes bibliographical references.
500 _aIncludes index.
650 0 _aMass media
_xStudy and teaching.
907 _a.b10116631
_b02-09-09
_c02-04-04
003
005 20230120193554.0
040 _cNUST
942 _cBOOKS
_kP91.3
_mBUR
999 _c101508
_d101508